Makroregiony světa nová regionální geografie
Salvato in:
| Autore principale: | |
|---|---|
| Ente Autore: | |
| Altri autori: | , |
| Natura: | Libro |
| Lingua: | ceco |
| Pubblicazione: |
Praha
KAROLINUM
2019
|
| Edizione: | 1. vydání |
| Soggetti: | |
| Tags: |
Nessun Tag, puoi essere il primo ad aggiungerne!!
|
MARC
| LEADER | 00000nam a2200000 4500 | ||
|---|---|---|---|
| 001 | 0276996 | ||
| 005 | 20240313130259.1 | ||
| 020 | |a 978-80-246-4273-4 | ||
| 041 | 0 | |a cze | |
| 044 | |a CZ | ||
| 245 | 1 | 0 | |a Makroregiony světa |b nová regionální geografie |c Jiří Anděl, Ivana Bičík, Jan D. Bláha |
| 250 | |a 1. vydání | ||
| 264 | 1 | |a Praha |b KAROLINUM |c 2019 | |
| 300 | |a 326 s. | ||
| 610 | 2 | 0 | |a geografia |
| 610 | 2 | 0 | |a regióny |
| 610 | 2 | 0 | |a globalizácia |
| 610 | 2 | 0 | |a makroregióny |
| 100 | 1 | |a Anděl, Jiří | |
| 700 | 1 | |a Bičík, Ivan | |
| 700 | 1 | |a Bláha, Jan Daniel | |
| 710 | 2 | |a Univerzita Karlova v Praze | |